000 00432cam a2200169ua 4500
041 _aeng
_h
082 _a821
_bBYR/BY
100 _aByron, .
245 _aByron`s poems, Vol 2 /
_cByron.
_hTextual Documents
260 _aLondon :
_bJ M Dent and Sons Ltd ,
_c1963.
300 _a500 ; .
440 0 _aEveryman`s Library,
_v487
_x;
490 0 _aEveryman`s Library,
_v487
_x;
504 _a
942 _cBK
999 _c4878
_d4878